Datum a čas kvízu
24.5
Celkem bodů
Celkový počet nahraných bodů na tomto kvízu bez doplňovacích otázek.
5.
Pořadí na kvízu
Konečné umístění týmu na tomto kvízu.
Zaznamenané odpovědi
| # | Otázka | Odpověď | Body | Výsledky |
|---|---|---|---|---|
| 1. | Minulou středu sněmovna schvál... | Od roku 2027. | 0 | |
| 2. | Jeden muž v severoanglickém Ma... | had | 0 | |
| 3. | Minulý týden jsme se dozvěděli... | Nicholas Winton | 1 | |
| 4. | Cena Ig Nobel Prize, tedy jaká... | helium | 1 | |
| 5. | Letošní Tour de France se zaps... | Tadej Pogačar | 0 | |
| 6. | Po dějinách Ukrajiny, které js... | Arpádovci | 0 | |
| 7. | Jak se nazývá město v jižním M... | Moháč | 0 | |
| 8. | V rámci Pařížské mírové konfer... | Trianonská smlouva | 0 | |
| 9. | Liberální pojetí socialismu sp... | gulášový socialismus/komunismus | 1 | |
| 10. | Napište šestipísmennou zkratku... | Fidesz | 0 |